00463nam a2200181Ia 4500001000900000003000500009005001700014008004100031010001100072040000900083082001400092100002200106245005800128260003200186300001100218400003000229650002200259dia_2021CHAP20230614101928.0220117s1978 xx 000 0 und d a172559 cCHAP a634.75 A5 aAlsina Grau, Luis aCultivo de Fresas y Fresones /c por Luis Alsina Grau aBarcelona :b Sintes,c1978 a163 p. aBIBLIOTECA DEL AGRICULTOR a1.Fresaxcultivo.